00730nam a22002417a 450000500170000001000130001702000220003003500130005203700160006504000120008108200130009311000280010624500290013426000270016327000270019030000320021750000220024965000350027165000210030694200220032799900190034995201200036820170124110254.0 aA-542939 c00.00a0863630219 aA-542939 bCen Lib/Ret aDPLbEN a030bLOT aLondon.Ivy Leaf9101142 aLots of things to know / aLondonbIvy Leafc1986 bLondona81 Fulham Road a153p. :c26cm(Hb)bcol.ill. aIncludes index  aQuestions and answers.9107487 aKnowledge937250 2ddccENh030mLOT c136056d136056 00104070aLbLd2015-10-13eCen Lib/Retg0.00l0o030 LOTpA-542939r2015-10-13 00:00:00t1v0.00w2015-10-13yEN